[Event "Karpov Trophy XVI 2018"]
[Site "Cap d/^Agde"]
[Date "2018.10.31"]
[Round "6"]
[White "Rambaut, Anthony"]
[Black "Jehan, Julien"]
[Result "0-1"]
[WhiteElo "1850"]
[BlackElo "1991"]
[Annotator "NA RC"]
[PlyCount "62"]
[EventDate "2018.10.27"]
[EventCountry "FRA"]
[SourceTitle "playchess.com"]
[Source "ChessBase"]
[SourceQuality "1"]
[TimeControl "5400+30"]

{[%evp 8,55,14,17,44,0,0,20,4,15,0,10,12,-29,0,43,52,-19,0,-51,-78,-111,-112,-115,-116,-182,-200,-207,-26,-19,172,-219,-198,-237,-149,-148,-140,-194,-210,-243,-229,-214,-216,-195,-218,-193,-31,-268,-235,-308]} 1. Nf3 {[%emt 0:00:00]} Nf6 {[%emt 0:00:00]} 2. c4 {[%emt 0:00:05]} e6 {[%emt 0:00:32]} 3. d4 {[%emt 0:00:25]} d5 {[%emt 0:01:00]} 4. g3 {[%emt 0:00:42]} dxc4 {[%emt 0:00:30]} 5. Bg2 {[%emt 0:02:40]} Nbd7 {[%emt 0:00:41]} 6. Qc2 {[%emt 0:04:11] E04: Katalanisch} (6. O-O a6 7. a4 Rb8 8. a5 Bd6 9. Nbd2 b5 10. axb6 Nxb6 11. Nxc4 Nxc4 12. Qa4+ Rb5 13. Qxc4 O-O 14. Rd1 {½-½ (30) Eljanov,P (2700)-Adly,A (2626) Sharjah 2018}) 6... Rb8 {[%emt 0:04:52]} 7. O-O b5 {[%emt 0:03:44] LiveBook: 8 Games} 8. Ne5 {[%emt 0:11:48]} Nxe5 {[%emt 0:04:36]} 9. dxe5 {[%emt 0:00:17]} Nd7 {[%emt 0:07:36]} 10. Bc6 {[%emt 0:03:44]} Rb6 $146 {[%emt 0:05:31]} ({Vorgänger:} 10... Bb7 11. Bxb5 c6 12. Bxc4 Nxe5 13. Bf4 Bd6 14. Rd1 Qe7 {1-0 (30) Rogers,I (2355)-Peters,J (2460) Los Angeles,CA 1982}) 11. Qe4 {[%emt 0:03:53]} Bc5 {[%emt 0:05:37]} 12. Nc3 {[%emt 0:08:14]} (12. a4 $1 $14) 12... a6 {[%emt 0:03:49]} 13. a4 {[%emt 0:05:29]} (13. Bxd7+ $5 Bxd7 14. Qg4 $11) 13... b4 {[%emt 0:04:50]} 14. a5 {[%emt 0:00:50]} (14. Bxd7+ $11 Bxd7 15. Nd1) 14... Rxc6 $1 {[%emt 0:06:14]} 15. Qxc6 {[%emt 0:00:07]} bxc3 {[%emt 0:00:34]} 16. bxc3 {[%emt 0:00:26]} (16. Ra4 $17) 16... O-O {[%emt 0:04:42]} 17. Ra2 {[%emt 0:09:07]} Ba7 $2 {[%emt 0:03:55]} (17... Be7 $19 18. Qe4 Nc5 19. Qxc4 Bb7) 18. Ba3 {[%emt 0:04:10]} Nb8 $2 {[%emt 0:10:09]} (18... Nxe5 $11 19. Qa8 {[#]} Bxf2+ $1 {[%mdl 512]} 20. Rxf2 Re8) 19. Qxc4 $2 {[%emt 0:02:20] [#]} (19. Qa8 $16 Re8 20. Qxa7) 19... c5 $1 {[%emt 0:02:33]} 20. Bc1 {[%emt 0:09:24]} Qd5 {[%emt 0:05:11]} 21. Qxd5 {[%emt 0:01:29]} exd5 {[%emt 0:00:01]} 22. Bf4 {[%emt 0:05:16]} Nc6 {[%emt 0:04:00]} 23. e3 {[%emt 0:03:08]} Bf5 {[%emt 0:02:11]} 24. Rb2 {[%emt 0:01:42]} Rb8 {[%emt 0:01:20]} ({Don't do} 24... Nxa5 25. Ra1) 25. Rxb8+ {[%emt 0:01:58]} Bxb8 {[%emt 0:00:01]} ({Weaker is} 25... Nxb8 26. Rd1 $15) 26. Rd1 {[%emt 0:04:53]} h6 $2 {[%emt 0:07:34]} ({Not} 26... Nxa5 27. e6 $16) (26... Be6 $19 27. f3 h6) 27. h4 $2 {[%emt 0:07:13]} (27. Rxd5 $15 Be4 28. Rd7) 27... Be4 $19 {[%emt 0:00:46]} ({Inferior is} 27... Nxa5 28. e6 $16) 28. Rd2 {[%emt 0:00:49]} Bc7 {[%emt 0:01:51]} 29. e6 {[%emt 0:08:19]} Bxa5 {[%emt 0:01:45]} 30. e7 {[%emt 0:00:54]} Nxe7 {[%emt 0:00:11]} 31. Ra2 {[%emt 0:00:29]} Nc6 {[%emt 0:00:31]} 0-1

[Event "Karpov Trophy XVI 2018"]
[Site "Cap d/^Agde"]
[Date "2018.11.01"]
[Round "7"]
[White "Kravtsiv, Martyn"]
[Black "Khademalsharieh, Sarasadat"]
[Result "1/2-1/2"]
[WhiteElo "2654"]
[BlackElo "2431"]
[Annotator "TA"]
[PlyCount "223"]
[EventDate "2018.10.27"]
[EventCountry "FRA"]
[SourceTitle "playchess.com"]
[Source "ChessBase"]
[SourceQuality "1"]

{[%evp 17,223,39,41,37,26,17,70,70,83,8,21,0,22,12,55,37,50,46,43,27,31,41,31,27,32,25,44,20,50,63,156,157,101,145,145,105,105,101,98,98,98,97,97,97,97,104,97,97,99,100,104,104,106,103,141,64,61,19,19,29,22,22,18,15,15,15,22,0,0,0,59,66,47,18,41,36,92,46,83,0,0,0,0,0,0,0,0,0,0,0,0,0,0,0,0,0,0,0,0,0,189,189,166,148,378,375,386,350,535,250,231,216,257,256,366,362,342,342,342,317,867,193,193,0,606,0,193,184,640,132,132,60,60,60,60,60,60,60,60,60,60,60,60,60,61,60,60,0,60,0,60,60,60,60,60,60,60,60,60,60,60,60,60,60,60,60,60,60,60,60,60,60,60,60,60,59,60,59,59,58,58,24,58,58,59,59,59,59,61,60,60,59,59,59,61,59,59,59,60,60,60,59,60,0,0,0,0,0]} 1. c4 Nf6 2. Nc3 e6 3. e4 d5 4. cxd5 exd5 5. e5 Ne4 6. Nf3 Nc6 7. Bb5 Bc5 {A18: Englische Eröffnung} 8. d4 Bb6 9. Be3 O-O {LiveBook: 3 Partien. Weiß steht etwas besser.} 10. h3 $146 ({Vorgänger:} 10. Qa4 Nxc3 11. bxc3 Ne7 12. Bd3 Bf5 13. Qc2 Qd7 14. Bg5 Bxd3 15. Qxd3 {1-0 (54) Navara,D (2727)-Socko,B (2617) Wroclaw 2014}) 10... f5 11. Ne2 Ba5+ (11... Ne7 $11) 12. Kf1 $14 Ne7 13. Qc1 (13. Bd3 $16) 13... Bd7 $11 14. Bd3 (14. a4 {is more complex.} Rc8 15. Qd1 c6 16. Bd3 Qb6 17. h4) 14... Qe8 15. Kg1 Bb5 16. Nf4 Ng6 17. Nxg6 hxg6 18. Bxe4 dxe4 19. Ng5 {[%cal Bf3g5,Bg5h3,Bh3f4][%mdl 32]} Rd8 20. g3 Rd5 {[#]} 21. a4 $1 $36 {[%mdl 2560] Schwarz steht unter Druck.} Bd3 (21... Bxa4 22. Qc4) 22. Qd1 c6 23. h4 Bd8 ({Besser ist} 23... Bb6 $14) 24. Nh3 $1 $16 Bb6 25. Nf4 Qf7 26. Qb3 ({Lieber nicht} 26. Nxd3 exd3 27. Qxd3 Rfd8 $11) 26... Rfd8 27. e6 Qe7 28. Nxd3 exd3 29. Bg5 Qxe6 30. Bxd8 Bxd8 31. Qxd3 Bb6 32. Qe3 Qd7 33. Kg2 Bxd4 34. Qb3 f4 35. Rad1 c5 36. h5 (36. gxf4 $16 b6 37. Qf3) 36... fxg3 $14 37. fxg3 (37. f3 $5 {[%cal Rh5g6]} g5 38. h6 $14) 37... Qf5 {Weiss muss nun ...De4+ beachten.} 38. Rhf1 Qe4+ $1 39. Qf3 Qxf3+ 40. Rxf3 gxh5 $11 {[%mdl 4096] Endspiel KTT-KTL} 41. b4 b6 42. b5 Re5 43. Kf1 Re4 (43... Rg5 $11) 44. Re1 $14 Rg4 45. Re8+ Kh7 46. Re7 h4 (46... c4 $14) 47. gxh4 c4 $1 48. Rxa7 ({Lieber} 48. Ke2 $1 $16) 48... Rg1+ $11 49. Ke2 Rg2+ 50. Ke1 c3 $1 51. Kd1 {Und weiter mit Tc7 wäre nett.} Rg1+ 52. Kc2 Rg2+ 53. Kc1 Rg1+ 54. Kc2 Rg2+ 55. Kd3 Rd2+ 56. Ke4 {Td3 ist eine echte Drohung.} c2 57. Rc7 Bb2 $1 58. Rf1 Rd4+ $2 (58... Ba3 $1 $11 {und Schwarz ist OK.}) 59. Ke3 $18 Rxa4 60. Rxc2 Rb4 $2 {[#]} (60... Bd4+ $16 61. Ke2 Ra5) 61. Rf5 $1 Bd4+ 62. Kd3 Bc5 (62... Bf6 $142 63. Rc6 Rd4+ 64. Kc2 Kg6) 63. Rh5+ (63. Rcxc5 $142 bxc5 64. Rxc5) 63... Kg6 64. Rg5+ Kf6 65. Rcg2 Rxh4 (65... Rxb5 $142 66. Rg6+ Kf5 67. R2g5+ Kf4 68. Rxg7 Rb3+ 69. Kc4 Rb4+ 70. Kd5 Rd4+ 71. Kc6 Rd6+ 72. Kc7 Rd2) 66. Rg6+ ({Weniger gut wäre} 66. Rxg7 Rb4 $16) 66... Kf5 67. R2g5+ ({Schwächer ist} 67. Rxg7 Rb4 $16) 67... Kf4 68. Rxg7 Rh1 $2 (68... Bf8 69. R7g6 Bc5) 69. Rg4+ $2 (69. Rxc5 bxc5 70. Re7) 69... Ke5 70. R4g5+ $2 (70. Re4+ Kf6 71. Rgg4) 70... Kf4 {[#]} 71. Rg4+ $2 (71. Rxc5 $1 bxc5 72. Re7) 71... Ke5 $1 72. Re4+ Kd5 $2 (72... Kd6 73. Rg6+ Kd5 74. Rg5+ Kd6 75. Rg6+ Kd5 76. Rg5+ Kd6 77. Rg6+) 73. Rg5+ $2 (73. Rd7+ $18 {und der Rest ist Schweigen.} Bd6 74. Rd4+ Kc5 75. R7xd6 Kxb5 76. Kc3 Rh3+ 77. Kb2) 73... Kd6 $16 74. Rf4 (74. Kc2 $16) 74... Rb1 $1 $14 75. Rf6+ Ke7 76. Rh6 Rxb5 77. Rg7+ Kf8 78. Rb7 {[%cal Rh6h8]} Kg8 79. Rg6+ Kf8 80. Rc6 {[%cal Rc6c8]} Be7 81. Re6 Bc5 82. Rh6 {[%cal Rh6h8]} Kg8 83. Rg6+ Kf8 84. Rgg7 {zielt auf Tbf7+ ab.} Rb3+ 85. Kd2 {Und Th7 würde nun gewinnen.} Rb2+ 86. Kd1 Rf2 87. Rh7 {[%cal Rh7h8]} Kg8 88. Ke1 Rf6 89. Ke2 Bf8 90. Rhd7 Bc5 91. Rdc7 Bf8 92. Ke3 Bc5+ 93. Ke4 {Droht stark Tg7+.} Bf8 94. Rc8 (94. Ke5 {keeps more tension.} Rf1 95. Rxb6 Re1+ 96. Kf6 Rf1+ 97. Kg6) 94... Rf1 95. Rxb6 Kf7 96. Rcc6 Re1+ 97. Kf3 Be7 98. Rc4 Re6 99. Rf4+ Bf6 100. Rb5 Ra6 101. Kg4 Ke6 102. Re4+ Kd7 103. Kf5 Bd8 104. Rd4+ Rd6 105. Ra4 Bc7 106. Rg4 Kc6 107. Re5 Rd1 108. Rc4+ Kd7 109. Ree4 Rf1+ 110. Rf4 (110. Kg4 $14) 110... Rxf4+ 111. Rxf4 Bxf4 112. Kxf4 {Precision: Weiß = 65%, Schwarz = 65%.} 1/2-1/2

[Event "Karpov Trophy XVI 2018"]
[Site "Cap d/^Agde"]
[Date "2018.11.01"]
[Round "7"]
[White "Fedorchuk, Sergey A."]
[Black "Gozzoli, Yannick"]
[Result "1/2-1/2"]
[WhiteElo "2607"]
[BlackElo "2612"]
[Annotator "TA"]
[PlyCount "72"]
[EventDate "2018.10.27"]
[EventCountry "FRA"]
[SourceTitle "playchess.com"]
[Source "ChessBase"]
[SourceQuality "1"]

{[%evp 31,72,23,33,31,25,29,37,35,40,31,56,56,49,53,86,38,66,68,72,64,74,71,83,62,62,41,102,77,87,14,23,14,18,14,15,15,16,20,20,20,6,18,24]} 1. e4 e5 2. Nf3 Nc6 3. Bb5 a6 4. Ba4 Nf6 5. O-O Be7 6. Re1 b5 7. Bb3 d6 8. c3 O-O 9. d4 Bg4 10. Be3 exd4 11. cxd4 Na5 12. Bc2 c5 13. h3 Bxf3 {C91: Spanische Partie (Abweichungen von der Hauptvariante)} (13... Bh5 14. g4 Bg6 15. Nbd2 Rc8 16. d5 Nd7 17. Nh2 Bf6 18. Rb1 Re8 19. f4 h6 20. Bf2 Bh4 21. Bxh4 Qxh4 {½-½ (139) Inarkiev,E (2689)-Tomashevsky,E (2713) St Petersburg 2017}) 14. Qxf3 cxd4 15. Bxd4 Rc8 16. Qd1 Nc6 {LiveBook: 3 Partien} 17. Nc3 Nxd4 18. Qxd4 Qc7 19. Bb3 Qc5 20. Qd3 Bd8 $146 ({Vorgänger:} 20... Qe5 21. Re2 {1-0 (33) Eliseev,U (2530)-Solozhenkin,E (2464) Kaliningrad 2015}) 21. Rad1 Bb6 22. Re2 Qh5 23. a4 {[%cal Ra4b5]} Bc5 24. axb5 axb5 25. Nxb5 Nd7 26. Red2 Rc6 27. Nd4 Rb6 $1 28. Nf5 g6 (28... Qg5 $14) 29. Qg3 {[%cal Rf5d6]} Nf6 30. Bc2 ({Lieber} 30. Re1 $16 {zielt auf Ld1 ab.} Bb4 31. Bd1 Bxd2 32. Bxh5 Bxe1 33. Ne7+ Kg7 34. Qe3) 30... Bb4 $1 $11 31. Ne7+ ({Bitte nicht} 31. Nxd6 Rc6 $15) 31... Kg7 {Die Stellung ist ausgeglichen.} 32. Nd5 Nxd5 33. Rxd5 Qe2 34. Qd3 Qxd3 35. R1xd3 Rc8 36. Bd1 Bc5 {Precision: Weiß = 71%, Schwarz = 40%.} 1/2-1/2

[Event "Karpov Trophy XVI 2018"]
[Site "Cap d/^Agde"]
[Date "2018.11.01"]
[Round "7"]
[White "Sumets, Andrey"]
[Black "Kollars, Dmitrij"]
[Result "1/2-1/2"]
[WhiteElo "2575"]
[BlackElo "2542"]
[Annotator "TA"]
[PlyCount "33"]
[EventDate "2018.10.27"]
[EventCountry "FRA"]
[SourceTitle "playchess.com"]
[Source "ChessBase"]
[SourceQuality "1"]

{[%evp 15,33,15,37,9,11,14,26,24,25,4,26,8,3,-2,12,9,10,0,16,6]} 1. d4 d5 2. Nf3 Nf6 3. c4 e6 4. e3 a6 5. b3 c5 6. Bb2 {D30: Queen's Gambit Declined: Systems without Nc3} Nc6 7. Nbd2 cxd4 8. exd4 g6 {LiveBook: 15 Games} 9. g3 Bg7 10. Bg2 O-O 11. O-O b6 12. Qe2 $146 ({Predecessor:} 12. Ne5 Bb7 {½-½ (27) Kempinski,R (2608)-Gustafsson,J (2603) Mallorca 2004}) 12... Bb7 13. Rfd1 Rc8 {The position is equal.} 14. Rac1 Qe7 15. Ne5 Rfd8 16. a3 a5 17. Nf1 {Precision: White = 38%, Black = 71%.} 1/2-1/2

[Event "Karpov Trophy XVI 2018"]
[Site "Cap d/^Agde"]
[Date "2018.11.01"]
[Round "7"]
[White "Malakhatko, Vadim"]
[Black "Onischuk, Alexander"]
[Result "0-1"]
[WhiteElo "2552"]
[BlackElo "2647"]
[Annotator "TA"]
[PlyCount "104"]
[EventDate "2018.10.27"]
[EventCountry "FRA"]
[SourceTitle "playchess.com"]
[Source "ChessBase"]
[SourceQuality "1"]

{[%evp 10,104,61,52,80,69,78,60,95,25,26,29,84,47,109,65,131,126,129,114,102,104,88,72,81,39,40,36,45,58,49,37,39,32,32,39,50,23,31,0,0,0,0,-23,-23,-17,-20,-32,-14,-30,-27,-30,-26,-34,-35,-34,-43,-160,-33,-34,-25,-23,-10,-103,0,-19,-3,-9,-6,-1,-18,-15,-16,-10,0,-1022,-1011,-5018,-5014,-5006,-4902,-1283,-29958,-5793,-5661,-5414,-5326,-29975,-29976,-29976,-29977,-29977,-29978,-29954,-29954,-29996,-29997]} 1. d4 {Primel,D} d6 2. Nf3 g6 3. c4 Bg7 4. Nc3 e5 5. e4 Bg4 6. d5 {LiveBook: 94 Games} c5 {A42: Modern Defence: Averbakh Variation} 7. Qa4+ Bd7 8. Nb5 $146 ({Predecessor:} 8. Qb3 Qb6 9. Qc2 Nf6 10. h3 Na6 11. g4 Qd8 12. Be3 Nc7 13. a3 a5 14. b3 {1-0 (40) Vallejo Pons,F (2650)-Piankov,E (2337) Paris 2008 EXT 2010 [Primel,D]}) 8... Ke7 {White is slightly better.} 9. b4 (9. Bg5+ $16 Nf6 10. Be2) 9... Na6 $11 10. a3 Bh6 (10... Nf6 $11 {keeps the balance.}) 11. Bb2 Qb6 (11... Nf6 $14) 12. Qb3 f6 (12... Re8 $14) 13. Be2 $16 Kf7 14. O-O Ne7 15. Rfb1 Rhf8 16. Bc3 Nc8 17. Ne1 cxb4 18. axb4 Bxb5 $1 19. cxb5 Nc7 20. Ra5 Kg8 21. Nf3 Ne8 22. Nd2 Qc7 23. Nc4 Nb6 24. Nxb6 Qxb6 25. Be1 Ng7 26. Ra2 f5 27. Qh3 Bg5 28. Qg3 Bf4 29. Qd3 fxe4 30. Qxe4 Nf5 31. Bc3 Rac8 32. Ba1 Rc7 33. Rf1 {[#]} ({White should try} 33. g3 $15 Bxg3 34. hxg3 Nxg3 35. Qe3 Nxe2+ 36. Qxe2) 33... Rcf7 (33... Ne3 $1 $17 {[%cal Re3f1][%mdl 512]} 34. Re1 (34. fxe3 $2 Qxe3+ 35. Qxe3 Bxe3+ 36. Kh1 Rxf1+ 37. Bxf1 Rc1 $19) 34... Bxh2+ $1 {[%mdl 512]} 35. Kxh2 Rxf2 36. Bxe5 Re7) 34. Ra3 $15 Bg5 {White must now prevent ...Nh4.} 35. Rf3 Bd2 36. Rd1 {[#]} (36. Rd3 $11 Bh6 37. Rf3) 36... Bg5 ({Black should play} 36... Bf4 $1 $17 {aiming for ...Nh4.} 37. Rb3 Nh6) 37. g3 Ne7 38. Rxf7 Rxf7 39. Rf1 Nf5 40. Kg2 {[#]} Be3 $1 {[%mdl 512] And now ...Bxf2! would win.} 41. Bg4 $1 {[%cal Rg4f5] Threatens to win with Bxf5.} (41. fxe3 Nxe3+) 41... Bxf2 {Hoping for ...Ne3+.} 42. Rxf2 $4 {[%mdl 8192]} (42. Bxf5 $11 gxf5 43. Qd3) 42... Ne3+ $19 43. Kh3 Rxf2 44. Be6+ Kg7 45. Bxe5+ dxe5 46. Qxe5+ Kh6 {( -> ...g5)} 47. d6 Nf1 48. d7 Rxh2+ {Black mates.} 49. Kg4 Ne3+ 50. Kf3 {[#]} Rf2+ $1 {[%mdl 512]} 51. Ke4 (51. Kxf2 Ng4+) 51... Nf5 52. Kd5 Qxb5+ {Precision: White = 42%, Black = 55%.} 0-1

[Event "Karpov Trophy XVI 2018"]
[Site "Cap d/^Agde"]
[Date "2018.11.01"]
[Round "7"]
[White "Malakhatko, Vadim"]
[Black "Onischuk, Vladimir"]
[Result "0-1"]
[WhiteElo "2552"]
[BlackElo "2623"]
[Annotator "TA"]
[PlyCount "104"]
[EventDate "2018.10.27"]
[EventCountry "FRA"]
[SourceTitle "playchess.com"]
[Source "ChessBase"]
[SourceQuality "1"]

{[%evp 10,104,60,50,83,79,85,66,92,28,47,36,71,31,111,72,141,133,129,110,125,81,91,74,110,53,58,47,60,50,55,45,47,41,39,41,35,21,24,0,0,0,0,-22,-20,-26,-26,-34,-20,-32,-27,-22,-33,-24,-26,-22,-50,-145,-39,-31,-33,-32,-19,-104,0,-20,-2,-3,-4,-4,-6,-14,-7,-6,0,-960,-927,-1666,-1610,-1494,-1487,-29984,-29985,-29985,-29986,-29989,-1321,-29987,-29973,-29973,-29971,-29967,-29968,-29966,-29968,-29996,-1304]} 1. d4 {Primel,D} d6 2. Nf3 g6 3. c4 Bg7 4. Nc3 e5 5. e4 Bg4 6. d5 {LiveBook: 94 Partien} c5 {A42: Moderne Verteidigung (mit c2-c4/ohne Sf6)} 7. Qa4+ Bd7 8. Nb5 $146 ({Vorgänger:} 8. Qb3 Qb6 9. Qc2 Nf6 10. h3 Na6 11. g4 Qd8 12. Be3 Nc7 13. a3 a5 14. b3 {1-0 (40) Vallejo Pons,F (2650)-Piankov,E (2337) Paris 2008 EXT 2010 [Primel,D]}) 8... Ke7 {Weiß steht etwas besser.} 9. b4 (9. Qc2 $16) 9... Na6 $11 10. a3 Bh6 11. Bb2 Qb6 (11... Nf6 $14) 12. Qb3 f6 (12... Re8 $142) 13. Be2 Kf7 14. O-O Ne7 15. Rfb1 Rhf8 16. Bc3 Nc8 17. Ne1 (17. Be1 $16) 17... cxb4 $14 18. axb4 Bxb5 $1 19. cxb5 Nc7 20. Ra5 Kg8 21. Nf3 Ne8 22. Nd2 Qc7 23. Nc4 (23. Nf1 {seems wilder.} Ng7 24. Be1 f5 25. Ng3 Bf4 26. f3) 23... Nb6 {Droht ...Sxc4 und aus.} 24. Nxb6 Qxb6 25. Be1 Ng7 26. Ra2 f5 27. Qh3 Bg5 28. Qg3 Bf4 29. Qd3 fxe4 30. Qxe4 Nf5 31. Bc3 Rac8 32. Ba1 Rc7 33. Rf1 {[#]} ({Lieber} 33. Qd3 $15) 33... Rcf7 ({Besser ist} 33... Ne3 $1 $17 {[%cal Re3f1][%mdl 512]} 34. Re1 (34. fxe3 $2 Qxe3+ 35. Qxe3 Bxe3+ 36. Kh1 Rxf1+ 37. Bxf1 Rc1 $19) 34... Bxh2+ $1 {[%mdl 512]} 35. Kxh2 Rxf2 36. Bxe5 Re7) 34. Ra3 Bg5 {zielt auf ...Sh4 ab.} 35. Rf3 $1 Bd2 36. Rd1 {[#]} (36. g3 $11 {bleibt in der Remisbreite.}) 36... Bg5 (36... Bf4 $1 $17 {...Sh4 ist eine echte Drohung.} 37. Rh3 Nh6) 37. g3 Ne7 38. Rxf7 Rxf7 39. Rf1 Nf5 40. Kg2 {[#]} Be3 $1 {[%mdl 512] Und ...Lxf2! würde nun gewinnen.} 41. Bg4 $1 {[%cal Rg4f5] Schwarz muss nun Lxf5 beachten.} (41. fxe3 Nxe3+) 41... Bxf2 {Droht stark ...Se3+.} 42. Rxf2 $4 {[%mdl 8192]} (42. Bxf5 $11 gxf5 43. Qd3) 42... Ne3+ $19 43. Kh3 Rxf2 44. Be6+ Kg7 45. Bxe5+ dxe5 46. Qxe5+ Kh6 47. d6 Nf1 (47... g5 $142 48. Qc5 Rd2 49. Qxb6 axb6 50. d7 {[#]} g4+ $1 {[%mdl 512]} 51. Bxg4 Nxg4 52. Kxg4 Rxd7 53. Kf4 Rd5 54. Ke3 Rh5 55. Ke4 Rxh2 56. Kd4 Kg5 57. Ke4 h5 58. Kd5 Rg2 59. Kd6 Rxg3 60. Kc7 h4 61. Kb8 h3 62. Kc8 h2 63. Kc7 h1=Q 64. Kxb6 Qh7 65. Kc5 Rc3+ 66. Kd4 Rd3+ 67. Kc4 Qe4+ 68. Kc5 Qd4#) 48. d7 Rxh2+ {Schwarz setzt Matt.} 49. Kg4 Ne3+ 50. Kf3 {[#]} Rf2+ $1 {[%mdl 512]} 51. Ke4 (51. Kxf2 Ng4+) 51... Nf5 52. Kd5 Qxb5+ {Precision: Weiß = 39%, Schwarz = 54%.} 0-1

[Event "Karpov Trophy XVI 2018"]
[Site "Cap d/^Agde"]
[Date "2018.11.01"]
[Round "7"]
[White "Velten, Paul"]
[Black "Moussard, Jules"]
[Result "0-1"]
[WhiteElo "2483"]
[BlackElo "2579"]
[Annotator "TA"]
[PlyCount "90"]
[EventDate "2018.10.27"]
[EventCountry "FRA"]
[SourceTitle "playchess.com"]
[Source "ChessBase"]
[SourceQuality "1"]

{[%evp 15,89,6,0,-5,14,0,12,-9,-15,-3,-4,-6,-6,0,0,0,0,0,0,-11,-14,-8,-12,-15,-17,-18,-14,-17,-18,-18,-9,-13,-18,-19,-14,-23,-23,-25,-23,-22,-19,-31,-30,-47,-29,-54,-40,-40,-14,-44,-50,-97,-100,-251,-238,-415,-399,-387,-355,-400,-391,-421,-420,-385,-282,-29994,-29995,-29995,-29996,-29996,-29997,-29997,-29997,-29998,-29999,-29999]} 1. d4 d6 2. Nf3 Nf6 3. c4 g6 4. Nc3 Bf5 5. g3 Ne4 6. Nxe4 Bxe4 7. Bg2 Bg7 8. O-O {E62: King's Indian: Fianchetto: 6...c6 and Panno Variation (6...Nc6) without ...a6} O-O {LiveBook: 51 Games} 9. Qb3 (9. Be3 c6 10. Qd2 e6 11. Bg5 Qc7 12. Rad1 d5 13. Bf4 Qd8 14. b3 Nd7 15. Bd6 Re8 16. Qf4 Nf6 17. c5 Qa5 {½-½ (56) Vazquez Igarza,R (2571)-Vocaturo,D (2609) Benasque 2018}) 9... Nd7 10. Rd1 {The position is equal.} c5 $146 ({Predecessor:} 10... Rb8 11. Be3 c6 12. d5 c5 13. Nd2 Bxg2 14. Kxg2 f5 15. f4 Qe8 {1-0 (31) Paikidze,N (2416)-Deruda,L (1943) Alghero 2011}) 11. Be3 Qb6 12. Qxb6 axb6 13. Ne1 Bxg2 14. Kxg2 Ra5 15. b3 b5 16. cxb5 $1 Rxb5 17. Rac1 b6 18. Rb1 Ra5 19. a4 Rc8 20. Rdc1 Raa8 21. Nc2 Nf6 22. dxc5 bxc5 23. Na3 Nd5 {White must now prevent ...Nc3.} 24. Bd2 f5 25. Nb5 Kf7 26. Rc2 Ke6 27. f3 Kd7 28. Kf2 h5 29. Rbc1 Rcb8 30. Kg2 Be5 31. Rd1 Rb7 32. Bg5 Ke6 33. Re1 f4 $36 {[%mdl 2048] Strongly threatening ...Ne3+. Keeping White busy.} 34. Kh3 $2 (34. Rcc1 $17 {was called for.}) 34... Ne3 $19 35. Rcc1 $2 {[#]} (35. Rec1) 35... Kf5 $1 {[%cal Rf5g5]} 36. gxf4 Bxf4 37. Bxf4 Kxf4 38. Rc3 g5 {[%cal Bg6g5,Bg5g4][%mdl 32] ( -> ...g4+)} 39. Rg1 g4+ 40. Kh4 $2 {[#]} (40. fxg4 $19 hxg4+ 41. Rxg4+ Nxg4 42. Rc4+ Ke3 43. Kxg4) 40... Nf5+ {Black mates.} 41. Kxh5 Rh8+ 42. Kg6 Rh6+ 43. Kf7 e6+ 44. Kg8 Rg7+ 45. Kf8 Rh8# {Precision: White = 43%, Black = 82%.} 0-1

[Event "Karpov Trophy XVI 2018"]
[Site "Cap d/^Agde"]
[Date "2018.11.01"]
[Round "7"]
[White "Naumkin, Igor"]
[Black "Alberto, David"]
[Result "1/2-1/2"]
[WhiteElo "2412"]
[BlackElo "2561"]
[Annotator "TA"]
[PlyCount "69"]
[EventDate "2018.10.27"]
[EventCountry "FRA"]
[SourceTitle "playchess.com"]
[Source "ChessBase"]
[SourceQuality "1"]

{[%evp 14,69,0,0,1,-39,-37,-49,-44,-68,-47,-57,-43,-66,-46,-91,-80,-83,-57,-81,-28,0,-17,-4,0,0,8,0,0,0,3,2,8,7,32,0,0,0,81,52,39,10,36,25,35,28,54,11,11,11,13,11,31,31,31,32,28,37]} 1. d4 Nf6 2. c4 e6 3. Nf3 c5 4. d5 b5 5. Bg5 b4 6. Nbd2 {E10: Blumenfeld Gambit} (6. e4 d6 7. Bd3 Be7 8. a3 O-O 9. axb4 cxb4 10. O-O a5 11. dxe6 Bxe6 12. Nd4 Qc8 13. Nd2 h6 {½-½ (25) Mareco,S (2644)-Delgado Ramirez,N (2611) Ponta Grossa 2017}) 6... Be7 7. Bxf6 Bxf6 8. Qc2 {LiveBook: 3 Games. The position is equal.} d6 9. e4 Nd7 10. Be2 a5 11. O-O O-O 12. Rad1 $146 ({Predecessor:} 12. Kh1 Bd4 13. Nxd4 cxd4 {½-½ (38) Naumkin,I (2480)-Pap,M (2504) Di Roseto 2010}) 12... Qe7 13. Kh1 g6 14. Ne1 Nb6 15. Bd3 Bg7 16. f4 f5 (16... a4 $17) 17. dxe6 $11 Bxe6 18. exf5 gxf5 19. Nef3 Qf6 20. Rfe1 Bd7 21. b3 Bh6 22. g3 Bc6 23. Bf1 Rae8 24. Bg2 Qc3 25. Qb1 Rxe1+ (25... Bg7 $11 {keeps the balance.}) 26. Rxe1 a4 27. Rc1 Qf6 28. Qd3 axb3 29. axb3 Re8 30. Re1 (30. Nh4 {feels hotter.} Bd7 31. Rd1 Nc8 32. Ndf3 Kh8 33. Bh3) 30... Rxe1+ 31. Nxe1 Bd7 32. Nf1 Bg7 33. Nc2 Nc8 34. Nfe3 Ne7 35. Nd5 {Precision: White = 45%, Black = 55%.} 1/2-1/2

[Event "Karpov Trophy XVI 2018"]
[Site "Cap d/^Agde"]
[Date "2018.11.01"]
[Round "7"]
[White "Naumkin, Igor"]
[Black "Navara, David"]
[Result "1/2-1/2"]
[WhiteElo "2412"]
[BlackElo "2740"]
[Annotator "TA"]
[PlyCount "69"]
[EventDate "2018.10.27"]
[EventCountry "FRA"]
[SourceTitle "playchess.com"]
[Source "ChessBase"]
[SourceQuality "1"]

{[%evp 14,69,0,0,0,-45,-45,-52,-44,-64,-47,-61,-42,-73,-45,-76,-67,-81,-52,-78,0,-9,-1,-10,0,0,6,0,0,7,6,8,30,43,28,39,42,54,80,41,44,6,8,9,44,37,61,15,23,20,25,25,25,25,25,25,29,29]} 1. d4 Nf6 2. c4 e6 3. Nf3 c5 4. d5 b5 5. Bg5 b4 6. Nbd2 {E10: Blumenfeld-Gambit} (6. e4 d6 7. Bd3 Be7 8. a3 O-O 9. axb4 cxb4 10. O-O a5 11. dxe6 Bxe6 12. Nd4 Qc8 13. Nd2 h6 {½-½ (25) Mareco,S (2644)-Delgado Ramirez,N (2611) Ponta Grossa 2017}) 6... Be7 7. Bxf6 Bxf6 8. Qc2 {LiveBook: 3 Partien. Die Stellung ist ausgeglichen.} d6 9. e4 Nd7 10. Be2 a5 11. O-O O-O 12. Rad1 $146 ({Vorgänger:} 12. Kh1 Bd4 13. Nxd4 cxd4 {½-½ (38) Naumkin,I (2480)-Pap,M (2504) Di Roseto 2010}) 12... Qe7 13. Kh1 g6 14. Ne1 Nb6 15. Bd3 Bg7 16. f4 f5 (16... a4 $17) 17. dxe6 $1 $11 Bxe6 18. exf5 gxf5 19. Nef3 Qf6 20. Rfe1 Bd7 21. b3 Bh6 22. g3 Bc6 23. Bf1 Rae8 24. Bg2 Qc3 25. Qb1 Rxe1+ 26. Rxe1 a4 27. Rc1 Qf6 28. Qd3 axb3 29. axb3 Re8 30. Re1 (30. Nh4 {looks sharper.} Bd7 31. Ndf3 Nc8 32. Rd1 Rf8 33. Bh3) 30... Rxe1+ 31. Nxe1 Bd7 32. Nf1 {Weiß hat minimalen Vorteil.} Bg7 33. Nc2 Nc8 34. Nfe3 Ne7 35. Nd5 {Precision: Weiß = 48%, Schwarz = 31%.} 1/2-1/2